Logo

Description automatically generated
विद्यार्जन
 संसाधन केंद्र, भारतीय प्रौद्योगिकी संस्थान इन्दौर
Learning Resource Center, Indian Institute of Technology Indore

ऑनलाइन सार्वजनिक अभिगम प्रसूची
Online Public Access Catalogue (OPAC)

Architectural acoustics [2nd ed.] (Record no. 53155)

MARC details
000 -LEADER
fixed length control field 00566nam a22002057a 4500
005 - DATE AND TIME OF LATEST TRANSACTION
control field 20260429143908.0
008 - FIXED-LENGTH DATA ELEMENTS--GENERAL INFORMATION
fixed length control field 260429b |||||||| |||| 00| 0 eng d
020 ## - INTERNATIONAL STANDARD BOOK NUMBER
International Standard Book Number 9780123982582
Qualifying information hb
082 ## - DEWEY DECIMAL CLASSIFICATION NUMBER
Classification number 693.834
Item number LON.2E
100 ## - MAIN ENTRY--PERSONAL NAME
Personal name Long, Marshall
245 ## - TITLE STATEMENT
Title Architectural acoustics [2nd ed.]
250 ## - EDITION STATEMENT
Edition statement 2nd ed.
260 ## - PUBLICATION, DISTRIBUTION, ETC.
Place of publication, distribution, etc. Oxford
Name of publisher, distributor, etc. Academic press, an imprint of Elsevier
Date of publication, distribution, etc. 2014
300 ## - PHYSICAL DESCRIPTION
Extent xxviii, 950p. ; 24cm.
653 ## - INDEX TERM--UNCONTROLLED
Uncontrolled term Acoustical engineering
653 ## - INDEX TERM--UNCONTROLLED
Uncontrolled term Architectural acoustics
653 ## - INDEX TERM--UNCONTROLLED
Uncontrolled term ME432
653 ## - INDEX TERM--UNCONTROLLED
Uncontrolled term ME632
942 ## - ADDED ENTRY ELEMENTS (KOHA)
Source of classification or shelving scheme Dewey Decimal Classification
Koha item type Book
Holdings
Withdrawn status Lost status Source of classification or shelving scheme Damaged status Not for loan Collection code Home library Current library Shelving location Date acquired Source of acquisition Total Checkouts Full call number Barcode Checked out Date last seen Date last checked out Price effective from Koha item type
    Dewey Decimal Classification     Reference LRC, IIT Indore LRC, IIT Indore 3rd Floor - Reference Collection 26/03/2026 PO_2025-26_PO-117 ,Vendor: Shankar's Book Agency Pvt.Ltd., New Delhi ; Inv. No.: IN37118/25-26, dt.17.03.2026 ; Price: USD 119.95 1 693.834 LON.2E 38798 27/10/2026 30/04/2026 30/04/2026 29/04/2026 Reference Books
Copyright © 2024, 2021, 2017 Indian Institute of Technology Indore. All Rights Reserved.
Managed & maintained by Learning Resource Center, IIT Indore